| 000 | 00525nam a22002057a 4500 | ||
|---|---|---|---|
| 003 | OSt | ||
| 005 | 20260330145643.0 | ||
| 008 | 260330b |||||||| |||| 00| 0 eng d | ||
| 020 | _a9781493927111 | ||
| 040 | _cDDC | ||
| 082 | _a515 ABB 2015 | ||
| 100 |
_aAbbott, Stephen _919555 |
||
| 245 | _aUnderstanding Analysis | ||
| 250 | _a2nd ed. | ||
| 260 | _aNew York; Springer, 2015 | ||
| 300 | _axii,312p.; Ill: 24 | ||
| 504 | _aBibliography, & index included | ||
| 650 |
_aNumerical Analysis _93742 |
||
| 942 |
_2ddc _cO_SHELF |
||
| 999 |
_c9613 _d9613 |
||